[Event "Let's Play 809"]
[Site "http://www.queenalice.com/game.php?id=1850993"]
[Date "2025.1.29"]
[Round "-"]
[White "digger"]
[Black "Quanah4"]
[Result "1-0"]
[WhiteElo "1655"]
[BlackElo "1564"]

1. c4 c5 2. e4 g6 3. d3 Bg7 4. Be2 Nc6 5. Nd2 e6 6. Nb3 b6 7. Bf3 Nge7 8. Ne2 d5
9. cxd5 exd5 10. O-O O-O 11. Qc2 Bb7 12. exd5 Nxd5 13. Qc4 Ne5 14. Qe4 Qc7 15.
Qa4 Nxd3 16. Bd2 Nxb2 17. Qg4 Nd3 18. Rab1 Ne5 19. Qg3 Nxf3+ 20. Qxf3 Nc3 21.
Qe3 Nxb1 22. Rxb1 Rae8 23. Qf4 1-0

[Event "AUTO-INT-3913"]
[Site "http://www.queenalice.com/game.php?id=1851298"]
[Date "2025.1.31"]
[Round "1"]
[White "NickThorp"]
[Black "Quanah4"]
[Result "1-0"]
[WhiteElo "1503"]
[BlackElo "1602"]

1. e4 c5 2. Nf3 g6 3. Bb5 a6 4. Bc4 b5 5. Bd5 Nc6 6. d3 Qc7 7. Be3 e6 8. Bxc6
Qxc6 9. Ne5 Qc7 10. c4 Qxe5 11. Nc3 Bg7 12. cxb5 axb5 13. Nxb5 Qb8 14. Nd6+ Qxd6
15. O-O Ne7 16. Rc1 Bd4 17. Bxd4 cxd4 18. a3 O-O 19. Qf3 e5 20. b4 1-0

[Event "AUTO-INT-3913"]
[Site "http://www.queenalice.com/game.php?id=1851299"]
[Date "2025.1.31"]
[Round "1"]
[White "Quanah4"]
[Black "NickThorp"]
[Result "0-1"]
[WhiteElo "1582"]
[BlackElo "1523"]

1. c4 e5 2. g3 Nc6 3. Bg2 Bc5 4. Nc3 d6 5. e3 Bf5 6. Nge2 Nf6 7. a3 O-O 8. d4
exd4 9. exd4 Bb6 10. b4 a6 11. O-O Re8 12. Bg5 h6 13. Be3 a5 14. b5 Na7 15. Bxb7
Rb8 16. Bg2 d5 17. c5 Nxb5 18. Nxb5 Be4 19. cxb6 cxb6 0-1

[Event "AUTO-INT-3913"]
[Site "http://www.queenalice.com/game.php?id=1851312"]
[Date "2025.1.31"]
[Round "1"]
[White "Piondanslevent"]
[Black "Quanah4"]
[Result "1-0"]
[WhiteElo "1484"]
[BlackElo "1645"]

1. d4 d5 2. g3 e6 3. Bg2 c5 4. dxc5 Bxc5 5. Nf3 Nc6 6. O-O Nf6 7. e3 O-O 8. a3
a6 9. b4 Ba7 10. Bb2 b5 11. c3 Bb7 12. a4 Rc8 13. axb5 axb5 14. Na3 Re8 15. Qc2
1-0

[Event "AUTO-INT-3913"]
[Site "http://www.queenalice.com/game.php?id=1851313"]
[Date "2025.1.31"]
[Round "1"]
[White "Quanah4"]
[Black "Piondanslevent"]
[Result "0-1"]
[WhiteElo "1623"]
[BlackElo "1506"]

1. c4 c5 2. g3 e5 3. Bg2 Nf6 4. e3 d5 5. cxd5 Nxd5 6. Nc3 Nb6 7. d3 Bd7 8. Bxb7
Bc6 9. Bxa8 Bxa8 10. Nf3 Bd6 11. O-O O-O 12. a3 c4 13. d4 e4 14. Nd2 Re8 0-1

[Event "AUTO-INT-3913"]
[Site "http://www.queenalice.com/game.php?id=1851322"]
[Date "2025.1.31"]
[Round "1"]
[White "Quanah4"]
[Black "renet54"]
[Result "0-1"]
[WhiteElo "1687"]
[BlackElo "1545"]

1. c4 Nf6 2. g3 e6 3. Bg2 Bc5 4. Nc3 Nc6 5. e3 Nb4 6. d4 Be7 7. a3 Nc6 8. Nge2
O-O 9. O-O d6 10. b4 Bd7 11. Bb2 d5 12. c5 e5 13. Nxd5 Ng4 14. Nxe7+ Nxe7 15.
Bxb7 Rb8 0-1

[Event "AUTO-INT-3913"]
[Site "http://www.queenalice.com/game.php?id=1851323"]
[Date "2025.1.31"]
[Round "1"]
[White "renet54"]
[Black "Quanah4"]
[Result "1-0"]
[WhiteElo "1567"]
[BlackElo "1665"]

1. e4 c5 2. Nc3 g6 3. f4 Nc6 4. Bc4 Bg7 5. Nf3 e6 6. O-O a6 7. d3 b5 8. Bxb5
axb5 9. Nxb5 d6 10. c3 Ba6 11. Na3 Nge7 12. Nc2 O-O 13. Be3 Rb8 14. Qd2 f5 15.
exf5 gxf5 16. Rad1 1-0

[Event "AUTO-OPEN-4614"]
[Site "http://www.queenalice.com/game.php?id=1862867"]
[Date "2025.9.11"]
[Round "1"]
[White "game"]
[Black "Quanah4"]
[Result "0-1"]
[WhiteElo "1623"]
[BlackElo "1566"]

1. e4 c5 2. Nf3 g6 3. Ng5 e6 4. d4 h6 5. Nf3 cxd4 6. Qxd4 Nf6 7. e5 Nc6 8. Qd3
Nd5 9. c4 Nb6 10. Qc3 Bg7 11. b3 O-O 12. Bb2 d5 13. Qc2 d4 14. Na3 a6 15. c5 Nd7
16. Nc4 Nxc5 17. O-O-O Qc7 18. Ba3 b6 19. b4 Nd7 20. b5 Ncxe5 21. Bxf8 Kxf8 22.
Nxd4 Bb7 23. f3 Rc8 24. Kb2 Nxc4+ 25. Bxc4 Qxc4 26. Qxc4 Rxc4 27. Kb3 Rxd4 28.
Rc1 Nc5+ 29. Ka3 Rd3+ 30. Kb4 a5+ 31. Kc4 Bd5# 0-1

[Event "AUTO-OPEN-4614"]
[Site "http://www.queenalice.com/game.php?id=1862868"]
[Date "2025.9.11"]
[Round "1"]
[White "Quanah4"]
[Black "game"]
[Result "1-0"]
[WhiteElo "1546"]
[BlackElo "1644"]

1. c4 d6 2. g3 e5 3. Bg2 Nc6 4. Nc3 Bf5 5. e3 Nb4 6. Qa4+ Nc6 7. d4 exd4 8. exd4
Qe7+ 9. Nge2 Bd7 10. Qd1 Nb4 11. a3 Nc6 12. b4 Nf6 13. O-O Bg4 14. Re1 Nh5 15.
f3 Bd7 16. Nf4 Be6 17. d5 Qf6 18. dxe6 Nxf4 19. exf7+ Kxf7 20. Bxf4 Qxc3 21.
Qd5+ Kg6 22. Re6+ Kf7 23. Re3+ 1-0

[Event "AUTO-INT-3944"]
[Site "http://www.queenalice.com/game.php?id=1862952"]
[Date "2025.9.13"]
[Round "1"]
[White "jpribeiro"]
[Black "Quanah4"]
[Result "0-1"]
[WhiteElo "1490"]
[BlackElo "1592"]

1. e4 c5 2. c3 g6 3. d4 cxd4 4. cxd4 e6 5. Nc3 Bg7 6. f4 d5 7. e5 a6 8. Nf3 Nc6
9. Qa4 Bd7 10. Qc2 Nge7 11. a3 O-O 12. Qf2 f6 13. exf6 Bxf6 14. Be3 Qc7 15.
O-O-O e5 0-1

[Event "AUTO-INT-3944"]
[Site "http://www.queenalice.com/game.php?id=1862953"]
[Date "2025.9.13"]
[Round "1"]
[White "Quanah4"]
[Black "jpribeiro"]
[Result "1-0"]
[WhiteElo "1604"]
[BlackElo "1478"]

1. c4 e5 2. g3 Nf6 3. Bg2 c6 4. Nc3 Bb4 5. Qc2 O-O 6. e3 d5 7. cxd5 Bxc3 8. bxc3
cxd5 9. d4 g6 10. dxe5 Bf5 11. Qd2 Re8 12. exf6 Qxf6 13. Bb2 1-0

[Event "AUTO-INT-3944"]
[Site "http://www.queenalice.com/game.php?id=1862980"]
[Date "2025.9.13"]
[Round "1"]
[White "Quanah4"]
[Black "Yanni"]
[Result "1-0"]
[WhiteElo "1584"]
[BlackElo "1527"]

1. c4 e5 2. g3 Bc5 3. Bg2 Nf6 4. Nc3 Ng4 5. e3 h6 6. Qxg4 a6 7. Qd1 Nc6 8. a3
Na5 9. b4 Bxe3 10. bxa5 Bd4 11. Nge2 Qf6 12. O-O O-O 13. Nxd4 Ra7 14. Nf3 b5 15.
axb6 cxb6 16. Bb2 Rc7 17. Nd5 Qc6 18. Ne7+ Kh8 19. Nxc6 Rxc6 20. Nxe5 Re6 21. d4
Rf6 22. Bh3 Bb7 23. Nxd7 Rd8 24. Nxf6 gxf6 25. d5 Kg8 26. Bxf6 Rd6 27. Qg4+ Kf8
28. Qg7+ Ke8 29. Rfe1+ Re6 30. dxe6 Bc8 31. Qxf7# 1-0

[Event "AUTO-INT-3944"]
[Site "http://www.queenalice.com/game.php?id=1862981"]
[Date "2025.9.13"]
[Round "1"]
[White "Yanni"]
[Black "Quanah4"]
[Result "0-1"]
[WhiteElo "1557"]
[BlackElo "1615"]

1. e4 c5 2. Bc4 g6 3. Nf3 e6 4. d3 Bg7 5. Bg5 Ne7 6. Nc3 a6 7. h3 b5 8. Bb3 Bb7
9. Qe2 Nbc6 10. a3 O-O 11. e5 d5 12. Nh4 Nxe5 13. O-O h6 14. Bd2 d4 15. Ne4 Rc8
16. f4 N5c6 17. f5 exf5 18. Nxc5 Qc7 19. Bf4 Qd8 20. Nxb7 Qb6 21. Nd6 Rcd8 22.
Ndxf5 Nxf5 23. Nxf5 gxf5 24. Qh5 Ne7 25. Bxh6 Qxh6 26. Qf3 Qe3+ 27. Rf2 f4 28.
Qxf4 Qxf4 29. Rxf4 Nd5 30. Rf5 Ne3 31. Rc5 Rd6 32. c3 dxc3 33. bxc3 Rxd3 34. Re1
Nf5 35. Rxf5 Bxc3 36. Rg5+ Kh7 37. Re4 Bg7 38. Rh4+ Bh6 39. Rgh5 Rd6 40. Bc2+
Kg7 41. Rg4+ Rg6 42. Rd4 Be3+ 43. Kh1 Bxd4 44. g4 Rh6 45. Rg5+ Kf6 46. Rf5+ Ke7
47. Rd5 Rd8 48. Rf5 Rxh3+ 49. Kg2 Rdh8 50. Kf1 Rh2 51. Bd3 Rc8 52. Be2 Rc1+ 53.
Bd1 Rxd1# 0-1

[Event "Challenge"]
[Site "http://www.queenalice.com/game.php?id=1864949"]
[Date "2025.10.30"]
[Round "-"]
[White "jpribeiro"]
[Black "Quanah4"]
[Result "0-1"]
[WhiteElo "1398"]
[BlackElo "1627"]

1. e4 c5 2. Nf3 g6 3. c3 Bg7 4. d4 cxd4 5. cxd4 e6 6. Nc3 Ne7 7. Be3 Nbc6 8. Qd2
O-O 9. O-O-O d5 10. Bh6 a6 0-1

[Event "AUTO-INT-3950"]
[Site "http://www.queenalice.com/game.php?id=1865196"]
[Date "2025.11.4"]
[Round "1"]
[White "Quanah4"]
[Black "game"]
[Result "1-0"]
[WhiteElo "1638"]
[BlackElo "1545"]

1. c4 c5 2. g3 d6 3. Bg2 Nc6 4. Nc3 Bf5 5. e3 Nb4 6. e4 Bg6 7. d3 e5 8. Nge2 Nf6
9. a3 Nc6 10. O-O h5 11. h3 h4 12. g4 d5 13. cxd5 Nd4 14. f4 exf4 15. Bxf4 Nh7
16. Nxd4 cxd4 17. Qa4+ Ke7 18. Qxd4 Ke8 19. b4 f6 20. Qf2 Rc8 21. Rac1 f5 22.
gxf5 Bh5 23. Bf3 Nf6 24. Bxh5+ Nxh5 25. Kh2 Nf6 26. Ne2 Bd6 27. e5 Nxd5 28. exd6
Rf8 29. Qd4 Nxf4 30. Nxf4 Rxf5 31. Qe4+ Kd7 32. Qxf5+ Ke8 33. Rfe1+ 1-0

[Event "AUTO-INT-3950"]
[Site "http://www.queenalice.com/game.php?id=1865197"]
[Date "2025.11.4"]
[Round "1"]
[White "game"]
[Black "Quanah4"]
[Result "1-0"]
[WhiteElo "1534"]
[BlackElo "1640"]

1. e4 c5 2. Bc4 g6 3. Nf3 Bg7 4. Ng5 e6 5. d4 h6 6. Nh3 cxd4 7. O-O Ne7 8. f4 a6
9. Qf3 O-O 10. f5 gxf5 11. exf5 Nxf5 12. Nf4 d5 13. Bb3 Nc6 14. Qg4 Nd6 15. Nh5
Ne8 16. Bxh6 e5 17. Qg3 Kh7 18. Bxg7 Rg8 19. Rxf7 Ne7 20. Qd3+ Bf5 21. Bxe5+ Kh6
22. Qf3 Ng6 23. Qxf5 Qg5 24. Bf4 Nxf4 25. Qh7# 1-0

[Event "AUTO-INT-3950"]
[Site "http://www.queenalice.com/game.php?id=1865198"]
[Date "2025.11.4"]
[Round "1"]
[White "Quanah4"]
[Black "Carlos19"]
[Result "1-0"]
[WhiteElo "1660"]
[BlackElo "1612"]

1. c4 e5 2. g3 Bc5 3. Bg2 Nc6 4. Nc3 Nf6 5. e3 d6 6. Nge2 a6 7. a3 O-O 8. O-O
Na5 9. b4 Nxc4 10. Qc2 Bb6 11. d3 Nxe3 12. Bxe3 Bxe3 13. fxe3 a5 14. bxa5 Qd7
15. d4 Rxa5 16. dxe5 dxe5 17. Rfd1 Qc6 18. Bxc6 bxc6 19. Qd2 h6 20. Ne4 Nxe4 21.
Qxa5 Bg4 22. Re1 Bxe2 23. Rxe2 f6 24. Rd1 g5 25. Qb4 Nd6 26. Qc5 Ne4 27. Qc4+
Rf7 28. Qxe4 Kg7 29. Red2 Kg8 30. Rd8+ Kg7 31. R8d7 Rxd7 32. Rxd7+ Kf8 33. Qxc6
1-0